000 00452nam a2200193Ia 4500
003 0100
008 130303s9999 xx 000 0 und d
040 _cARRUPELIB
050 _aLB885.B24
100 _aBantock, Geoffrey Herman
245 _aEducation and values
245 _bessays in the theory of education
260 _aLondon
260 _bFaber and Faber
260 _C1965
300 _a182p.
300 _b 23cm.
942 _2lcc
_01
999 _c64427
_d64427